| 000 | 00458nam a22001457a 4500 | ||
|---|---|---|---|
| 008 | 230606b |||||||| |||| 00| 0 eng d | ||
| 040 |
_aNational Science Library _cNational Science Library |
||
| 080 |
_aR 92:312.78(R) _bN8 |
||
| 245 |
_aParliament of India Rajya Sabha: Who's who 1998 _c/ Rajya Sabha Secretariat |
||
| 260 |
_aNew Delhi: _bRajya Sabha Secretariat, _c1998 |
||
| 300 | _a426p. | ||
| 650 | _aLanguage | ||
| 653 | _aScience | ||
| 942 |
_2udc _cREF |
||
| 999 |
_c39548 _d39548 |
||